[Event "11th Gashimov Mem Blitz"]
[Site "Stepanakert ARM"]
[Date "2025.12.11"]
[Round "1.1"]
[White "Suleymanli, Aydin"]
[Black "Tabatabaei, M. Amin"]
[Result "1-0"]
[WhiteTitle "GM"]
[BlackTitle "GM"]
[WhiteElo "2628"]
[BlackElo "2700"]
[WhiteFideId "13413937"]
[BlackFideId "12521213"]
[EventDate "2025.12.11"]

1. e4 e5 2. Nf3 Nc6 3. Bc4 Nf6 4. d3 Be7 5. O-O O-O 6. Re1 d6 7. a4 Na5 8. Ba2
c5 9. Na3 h6 10. c3 Nc6 11. h3 a6 12. Nc4 b5 13. Ne3 Rb8 14. axb5 axb5 15. Bd2
Be6 16. Bd5 Qd7 17. Qb3 Rfc8 18. Ra6 c4 19. dxc4 bxc4 20. Qa4 Nd8 21. Bxe6 Nxe6
22. Qxd7 Nxd7 23. Ra7 Nc7 24. Nxc4 Bf8 25. Be3 Nb5 26. Rxd7 Rxc4 27. Nd2 Rc7 28.
Rxc7 Nxc7 29. Nc4 d5 30. exd5 Nxd5 31. Bd2 f6 32. Ra1 Rc8 33. Ra4 h5 34. Kf1 g5
35. Ke2 Kf7 36. g3 Kg6 37. Ne3 Ne7 38. Ra6 Kf7 39. b4 f5 40. Nd1 g4 41. hxg4
hxg4 42. Ne3 Bg7 43. Ra7 Ke6 44. c4 f4 45. Nd5 Bf8 46. Nxe7 Bxe7 47. Ra6+ Kf5
48. gxf4 Rxc4 49. fxe5 Bxb4 50. Kd3 Bxd2 51. Kxc4 Be1 52. Kd5 Kg5 53. Rf6 1-0

[Event "11th Gashimov Mem Blitz"]
[Site "Stepanakert ARM"]
[Date "2025.12.11"]
[Round "1.2"]
[White "Yakubboev, Nodirbek"]
[Black "Nepomniachtchi, Ian"]
[Result "1-0"]
[WhiteTitle "GM"]
[BlackTitle "GM"]
[WhiteElo "2691"]
[BlackElo "2723"]
[WhiteFideId "14203987"]
[BlackFideId "4168119"]
[EventDate "2025.12.11"]

1. c4 Nf6 2. Nf3 e6 3. g3 d5 4. Bg2 Be7 5. O-O O-O 6. b3 c5 7. Bb2 Nc6 8. e3 d4
9. exd4 cxd4 10. Re1 Bc5 11. Ne5 Nxe5 12. Rxe5 Nd7 13. Re2 a5 14. Na3 Ra6 15.
Nb5 e5 16. Qe1 a4 17. d3 a3 18. Bc1 f5 19. b4 Be7 20. Nxd4 Rd6 21. Bd5+ Kh8 22.
Ne6 Rxe6 23. Bxe6 e4 24. Bxd7 Bxd7 25. dxe4 fxe4 26. Bxa3 Bh3 27. Bb2 Qd3 28.
Qc3 Bf6 29. Qxd3 exd3 30. Rd2 Rd8 31. Bxf6 gxf6 32. Rad1 Bf5 33. c5 Rd4 34. a3
Kg7 35. f3 h5 36. Kf2 Rd8 37. Ke3 Re8+ 38. Kf4 Kg6 39. Rxd3 Bxd3 40. Rxd3 1-0

[Event "11th Gashimov Mem Blitz"]
[Site "Stepanakert ARM"]
[Date "2025.12.11"]
[Round "1.3"]
[White "Mamedov, Rauf"]
[Black "Fedoseev, Vladimir3"]
[Result "1/2-1/2"]
[WhiteTitle "GM"]
[BlackTitle "GM"]
[WhiteElo "2645"]
[BlackElo "2705"]
[WhiteFideId "13401653"]
[BlackFideId "24130737"]
[EventDate "2025.12.11"]

1. e4 e5 2. Nf3 Nc6 3. d4 exd4 4. Bc4 Nf6 5. e5 Ne4 6. Qe2 Nc5 7. O-O Ne6 8. Rd1
d5 9. exd6 Bxd6 10. Bg5 Be7 11. Bxe7 Qxe7 12. c3 Nf4 13. Qxe7+ Kxe7 14. Nxd4
Nxd4 15. Rxd4 Ne6 16. Rd1 Rd8 17. Rxd8 Nxd8 18. Nd2 Be6 19. Bxe6 1/2-1/2

[Event "11th Gashimov Mem Blitz"]
[Site "Stepanakert ARM"]
[Date "2025.12.11"]
[Round "2.1"]
[White "Tabatabaei, M. Amin"]
[Black "Fedoseev, Vladimir3"]
[Result "0-1"]
[WhiteTitle "GM"]
[BlackTitle "GM"]
[WhiteElo "2700"]
[BlackElo "2705"]
[WhiteFideId "12521213"]
[BlackFideId "24130737"]
[EventDate "2025.12.11"]

1. e4 c6 2. Nf3 d5 3. Nc3 Bg4 4. h3 Bxf3 5. Qxf3 Nf6 6. Be2 e5 7. O-O d4 8. Nb1
Nbd7 9. d3 h5 10. c3 g6 11. Nd2 dxc3 12. bxc3 Bh6 13. Rd1 O-O 14. Ba3 Re8 15.
Nc4 b5 16. Ne3 Re6 17. Bf1 Qb6 18. Re1 a5 19. Rab1 Rd8 20. g3 Qa7 21. h4 Bf8 22.
Bb2 Bc5 23. Rbd1 b4 24. Bh3 Ree8 25. Nc4 Kg7 26. Ba1 bxc3 27. Bxc3 Bb4 28. Bxb4
axb4 29. d4 Qxa2 30. Bf1 Qa7 31. Nxe5 Nxe5 32. dxe5 Ng4 33. Bh3 Nxe5 34. Qb3 Qa3
35. Qxa3 bxa3 36. Ra1 Nf3+ 0-1

[Event "11th Gashimov Mem Blitz"]
[Site "Stepanakert ARM"]
[Date "2025.12.11"]
[Round "2.2"]
[White "Nepomniachtchi, Ian"]
[Black "Mamedov, Rauf"]
[Result "1-0"]
[WhiteTitle "GM"]
[BlackTitle "GM"]
[WhiteElo "2723"]
[BlackElo "2645"]
[WhiteFideId "4168119"]
[BlackFideId "13401653"]
[EventDate "2025.12.11"]

1. e4 c5 2. Nf3 Nc6 3. Bb5 Nf6 4. Nc3 g6 5. O-O Bg7 6. Re1 Nd4 7. e5 Nh5 8. d3
O-O 9. g4 d5 10. h3 Ne6 11. gxh5 a6 12. h6 Bh8 13. Bc4 dxc4 14. dxc4 b5 15. cxb5
Bb7 16. Qxd8 Rfxd8 17. Ne4 axb5 18. b3 c4 19. Bb2 Rdc8 20. Nfg5 Nf4 21. Kh2 cxb3
22. axb3 Rxc2 23. Rxa8+ Bxa8 24. Rd1 Rc8 25. Kg3 Ne6 26. Nxe6 Bxe4 27. Nc5 Bf5
28. b4 Kf8 29. f4 Ke8 30. Ra1 f6 31. Ra7 fxe5 32. fxe5 Rd8 33. Kf4 Kf7 34. Rb7
Bxh3 35. Rxb5 Be6 36. Nxe6 Kxe6 37. Rb6+ Kd5 38. Rb5+ Kc4 39. Rb7 Rd2 40. Bc1
Re2 41. Rxe7 Kd5 42. Kf3 Rxe5 43. Rxh7 Rf5+ 44. Kg4 Bc3 45. b5 Rf1 46. Bf4 Rg1+
47. Kf3 g5 48. Be3 g4+ 49. Ke2 Rh1 50. b6 Be5 51. Rg7 g3 52. Rg5 Ke4 53. Rxe5+
Kxe5 54. b7 Rb1 55. h7 1-0

[Event "11th Gashimov Mem Blitz"]
[Site "Stepanakert ARM"]
[Date "2025.12.11"]
[Round "2.3"]
[White "Suleymanli, Aydin"]
[Black "Yakubboev, Nodirbek"]
[Result "0-1"]
[WhiteTitle "GM"]
[BlackTitle "GM"]
[WhiteElo "2628"]
[BlackElo "2691"]
[WhiteFideId "13413937"]
[BlackFideId "14203987"]
[EventDate "2025.12.11"]

1. e4 e5 2. Nf3 Nc6 3. Bc4 Nf6 4. d3 Be7 5. O-O O-O 6. Re1 d6 7. a4 Na5 8. Ba2
c5 9. Na3 Nc6 10. c3 h6 11. Bd2 Be6 12. Bxe6 fxe6 13. b4 cxb4 14. cxb4 d5 15. b5
Nd4 16. Nxd4 exd4 17. exd5 Bxa3 18. Rxa3 Qxd5 19. h3 Rac8 20. Qb3 Rfe8 21. Qxd5
Nxd5 22. Ra2 e5 23. Kf1 Kf7 24. Re4 Nf6 25. Re1 e4 26. dxe4 Nxe4 27. f3 Nxd2+
28. Rxd2 Rc4 29. Ra1 Rd8 30. Ke2 Ke6 31. Ra3 Kd5 32. f4 Ke4 33. Rg3 d3+ 34. Kf2
Rc2 35. Re3+ Kxf4 36. Rf3+ Ke5 37. Re3+ Kf6 38. Rf3+ Kg6 39. Ke3 Rc4 40. Rf4
Re8+ 41. Kf3 Rxf4+ 42. Kxf4 Rd8 43. Ke4 Kf6 44. Rf2+ Ke6 45. Rd2 b6 46. g3 Rd5
47. Ke3 Ke5 48. Rd1 d2 49. h4 h5 50. Rxd2 Rxd2 51. Kxd2 Kd4 52. Ke2 Kc4 53. Kf3
Kb4 54. g4 Kxa4 55. gxh5 Kxb5 56. Kg4 a5 57. Kf5 a4 58. Kg6 a3 59. Kxg7 a2 0-1

[Event "11th Gashimov Mem Blitz"]
[Site "Stepanakert ARM"]
[Date "2025.12.11"]
[Round "3.1"]
[White "Yakubboev, Nodirbek"]
[Black "Tabatabaei, M. Amin"]
[Result "0-1"]
[WhiteTitle "GM"]
[BlackTitle "GM"]
[WhiteElo "2691"]
[BlackElo "2700"]
[WhiteFideId "14203987"]
[BlackFideId "12521213"]
[EventDate "2025.12.11"]

1. c4 e6 2. g3 d5 3. Bg2 Nf6 4. Nf3 Be7 5. O-O O-O 6. b3 d4 7. e3 c5 8. Bb2 Nc6
9. exd4 cxd4 10. Re1 a5 11. d3 Bd6 12. Nxd4 Nxd4 13. Bxd4 Bxg3 14. hxg3 Qxd4 15.
Na3 Rd8 16. Qe2 h5 17. Rad1 a4 18. Nb5 Qb6 19. Qe3 Qxe3 20. Rxe3 axb3 21. axb3
Ra2 22. Bf3 Bd7 23. Nd6 Bc6 24. Nxb7 Bxb7 25. Bxb7 Ng4 26. Rf3 Rb8 27. Be4 Rxb3
28. d4 Rxf3 29. Bxf3 Nxf2 30. Rc1 Nh3+ 31. Kh1 Ng5 32. Bg2 Kf8 33. c5 Ra7 34.
Kg1 Ke7 35. Rb1 Rd7 36. Rb4 Nh7 37. Kf2 Nf6 38. Ke3 Nd5+ 39. Bxd5 Rxd5 40. Rb7+
Kf6 41. c6 Rd6 42. Rc7 g5 43. Rc8 Kf5 44. c7 Rc6 45. Rh8 Rxc7 46. Rxh5 Kg4 47.
Rh7 Kxg3 48. Rg7 g4 49. Ke2 Ra7 50. Ke3 Ra3+ 51. Ke2 f5 52. Rg6 f4 53. Rxe6 f3+ 0-1

[Event "11th Gashimov Mem Blitz"]
[Site "Stepanakert ARM"]
[Date "2025.12.11"]
[Round "3.2"]
[White "Mamedov, Rauf"]
[Black "Suleymanli, Aydin"]
[Result "1/2-1/2"]
[WhiteTitle "GM"]
[BlackTitle "GM"]
[WhiteElo "2645"]
[BlackElo "2628"]
[WhiteFideId "13401653"]
[BlackFideId "13413937"]
[EventDate "2025.12.11"]

1. e4 c5 2. c3 e5 3. Nf3 Nc6 4. Bc4 Nf6 5. d3 Be7 6. Nbd2 O-O 7. O-O d6 8. a4 a6
9. Re1 Be6 10. h3 h6 11. Nf1 Qd7 12. Ne3 d5 13. exd5 Nxd5 14. Nxd5 Bxd5 15. Qe2
Bxc4 16. dxc4 Rfe8 17. Be3 Rad8 18. Nd2 b6 19. Nf1 Na5 20. Ng3 Qe6 21. b3 Nxb3
22. Rab1 Na5 23. Qh5 Nxc4 24. Nf5 Bf8 25. Qg4 Kh7 26. Qe4 g6 27. Nh4 Rd7 28. Nf3
Qd5 29. Qh4 Nxe3 30. Rxe3 Be7 31. Qg3 e4 32. Nh2 Bd6 33. Qh4 Qg5 34. Qxg5 hxg5
35. Rxb6 Bf4 36. Re1 e3 37. fxe3 Bxe3+ 38. Kh1 Kg7 39. Ng4 Bf4 40. Rf1 Rd3 41.
Rxa6 Rxc3 42. Nf6 Re5 43. Ng4 Rd5 44. Nf6 Rd8 45. Ne4 Rc2 46. g3 Be3 47. Ra7 Rf8
48. Nd6 Bf2 49. Ne4 Be3 50. Nd6 Rf2 51. Rxf2 Bxf2 52. Kg2 Bd4 53. a5 c4 54. Rc7
Be5 55. Rc6 Bxd6 56. Rxd6 Rc8 57. a6 c3 58. Rd1 Kf6 59. a7 Ke5 60. Kf3 f5 61.
Ke3 Ra8 62. Rc1 Rxa7 63. Rxc3 Ra5 64. Kf3 Kd4 65. Rc6 Ra3+ 66. Kf2 Ra2+ 67. Kf3
Ra3+ 68. Kf2 Ke4 69. Re6+ Kd5 70. Rxg6 Ra2+ 71. Kf3 Ra3+ 72. Kf2 Ra2+ 1/2-1/2

[Event "11th Gashimov Mem Blitz"]
[Site "Stepanakert ARM"]
[Date "2025.12.11"]
[Round "3.3"]
[White "Fedoseev, Vladimir3"]
[Black "Nepomniachtchi, Ian"]
[Result "0-1"]
[WhiteTitle "GM"]
[BlackTitle "GM"]
[WhiteElo "2705"]
[BlackElo "2723"]
[WhiteFideId "24130737"]
[BlackFideId "4168119"]
[EventDate "2025.12.11"]

1. d4 Nf6 2. c4 e6 3. Nf3 d5 4. g3 Be7 5. Bg2 O-O 6. O-O dxc4 7. Qa4 a6 8. Qxc4
b5 9. Qc2 Bb7 10. Bd2 Be4 11. Qc1 Ra7 12. Rd1 Nbd7 13. Ba5 Qa8 14. Nbd2 Bd5 15.
Nh4 c5 16. dxc5 Bxc5 17. Nb3 Be7 18. Qf4 Ne4 19. Nf3 Bf6 20. Rab1 Rc8 21. Qe3 h6
22. Nfd2 Nd6 23. Bxd5 exd5 24. Bb4 Nc4 25. Nxc4 dxc4 26. Nd4 Re8 27. Qf4 Re4 28.
Qd6 Be5 29. Qc6 Rxd4 30. Qxa8+ Rxa8 0-1

[Event "11th Gashimov Mem Blitz"]
[Site "Stepanakert ARM"]
[Date "2025.12.11"]
[Round "4.1"]
[White "Tabatabaei, M. Amin"]
[Black "Nepomniachtchi, Ian"]
[Result "1/2-1/2"]
[WhiteTitle "GM"]
[BlackTitle "GM"]
[WhiteElo "2700"]
[BlackElo "2723"]
[WhiteFideId "12521213"]
[BlackFideId "4168119"]
[EventDate "2025.12.11"]

1. e4 e5 2. Nf3 Nf6 3. Nxe5 d6 4. Nf3 Nxe4 5. d4 d5 6. Bd3 Bd6 7. O-O O-O 8. c4
c6 9. Nc3 Nxc3 10. bxc3 dxc4 11. Bxc4 Bf5 12. Bg5 Qa5 13. Nh4 Be6 14. Bxe6 Qxg5
15. Nf3 Qa5 16. Bh3 Qc7 17. Re1 Nd7 18. a4 Nf6 19. Rb1 Rfe8 20. g3 Rxe1+ 21.
Qxe1 Re8 22. Qd1 g6 23. Qb3 b6 24. Nd2 c5 25. Nc4 cxd4 26. cxd4 Kg7 27. Bg2 h5
28. h4 Rc8 29. Rc1 Re8 30. Qb2 Qd8 31. Ne5 Bxe5 32. dxe5 Ng4 33. e6+ Qf6 34.
Qxf6+ Kxf6 35. exf7 Kxf7 36. Bf3 Ne5 37. Be2 Re7 38. Kg2 Nd7 39. Bc4+ Kf6 40.
Bb5 Nc5 41. a5 Re4 42. axb6 axb6 43. Rd1 Ke7 44. Bf1 Rb4 45. Rd5 Rb2 46. Kf3 Nd7
47. Rg5 Kf6 48. Rb5 Ne5+ 49. Ke4 Rxb5 50. Bxb5 Ng4 51. f3 Ne5 52. Kf4 Nf7 53. g4
Nd6 54. Bd3 hxg4 55. fxg4 b5 56. g5+ Kg7 57. Kg4 b4 58. h5 gxh5+ 59. Kxh5 b3 60.
Bb1 Nc4 61. Bd3 Ne3 62. Bb1 Nc2 63. g6 Na3 64. Bd3 b2 65. Kg5 Nb5 66. Kf4 Nc3
67. Ke5 b1=Q 68. Bxb1 Nxb1 69. Ke4 Kg8 1/2-1/2

[Event "11th Gashimov Mem Blitz"]
[Site "Stepanakert ARM"]
[Date "2025.12.11"]
[Round "4.2"]
[White "Suleymanli, Aydin"]
[Black "Fedoseev, Vladimir3"]
[Result "1/2-1/2"]
[WhiteTitle "GM"]
[BlackTitle "GM"]
[WhiteElo "2628"]
[BlackElo "2705"]
[WhiteFideId "13413937"]
[BlackFideId "24130737"]
[EventDate "2025.12.11"]

1. e4 e5 2. Nf3 Nc6 3. Bc4 Bc5 4. d3 d6 5. c3 Bb6 6. a4 h6 7. O-O Nge7 8. b4 a6
9. a5 Ba7 10. Be3 Ng6 11. Nbd2 O-O 12. Qb3 Qe7 13. d4 Kh7 14. Rfe1 f5 15. exf5
Bxf5 16. Bd5 exd4 17. cxd4 Qd7 18. Rac1 Nd8 19. Bc4 c6 20. d5 Bxe3 21. Qxe3 Rc8
22. Nd4 Ne5 23. Nxf5 Qxf5 24. Ba2 Kh8 25. Bb1 Qf4 26. Ne4 Qxe3 27. Rxe3 Ndf7 28.
Nxd6 Nxd6 29. Rxe5 cxd5 30. Rd1 Nb5 31. Rde1 Rc4 32. Bg6 Kg8 33. g3 Nc7 34. Re7
Rf6 35. Bd3 Rc3 36. Bf1 Rf7 37. Bh3 Kf8 38. R7e5 g6 39. Bg2 Rd3 40. Rc1 Rd4 41.
h4 h5 42. Rc2 Kg7 43. Kh2 Kf6 44. Re3 Kg7 45. Rec3 Nb5 46. Rc5 Rd7 47. Re2 Rxb4
48. Rxd5 Rxd5 49. Bxd5 Nc3 50. Re7+ Kf8 51. Rf7+ Ke8 52. Be6 Re4 53. Rf3 Rxe6
54. Rxc3 Kd7 55. f3 Re5 56. Ra3 Kc6 57. g4 Kb5 58. Ra1 Kb4 59. Rb1+ Kxa5 60.
Rxb7 Rb5 61. Rg7 Rb6 62. gxh5 gxh5 63. Rg5+ Rb5 64. f4 Kb6 65. f5 Rb4 66. Kg3
Kc7 67. Rxh5 Kd6 68. Rh6+ Ke5 69. Rxa6 Kxf5 70. Ra5+ Kg6 1/2-1/2

[Event "11th Gashimov Mem Blitz"]
[Site "Stepanakert ARM"]
[Date "2025.12.11"]
[Round "4.3"]
[White "Yakubboev, Nodirbek"]
[Black "Mamedov, Rauf"]
[Result "0-1"]
[WhiteTitle "GM"]
[BlackTitle "GM"]
[WhiteElo "2691"]
[BlackElo "2645"]
[WhiteFideId "14203987"]
[BlackFideId "13401653"]
[EventDate "2025.12.11"]

1. e4 c5 2. Nf3 Nc6 3. Nc3 g6 4. d4 cxd4 5. Nxd4 Bg7 6. Be3 Nf6 7. Bc4 O-O 8.
Bb3 d6 9. f3 Qa5 10. Qd2 Nxd4 11. Bxd4 Be6 12. O-O Rac8 13. Rfd1 Rfe8 14. Ne2
Qxd2 15. Rxd2 a6 16. c3 Bh6 17. Rdd1 Nd7 18. Kf2 Nc5 19. Bxe6 Nxe6 20. a4 f6 21.
Bb6 Kf7 22. a5 Nc5 23. Rd5 Nd7 24. Be3 Bxe3+ 25. Kxe3 Rc5 26. Rxc5 dxc5 27. f4
e5 28. f5 gxf5 29. exf5 Rg8 30. Ng3 Nb8 31. Kf3 Rd8 32. Ne4 Rd5 33. Ke2 Nc6 34.
Rd1 Rxd1 35. Kxd1 Nxa5 36. Nxc5 Nc4 37. Kc2 Ne3+ 38. Kd3 Nxf5 39. Nxb7 Ke7 40.
b4 Nd6 41. Nc5 f5 42. Nxa6 e4+ 43. Ke2 Ke6 44. Nc7+ Ke5 45. b5 Nc4 46. Na8 Kd6
47. b6 Kc6 48. Nc7 Nxb6 49. Ne6 Kd5 50. Ng5 h6 51. Nh3 Ke5 52. g3 Nd5 53. Kd2
Kd6 54. Ng1 Kc5 55. Ne2 Kc4 56. Nd4 e3+ 57. Ke2 Nxc3+ 58. Kxe3 Nd5+ 59. Kf3 Kxd4
60. g4 Ke5 0-1

[Event "11th Gashimov Mem Blitz"]
[Site "Stepanakert ARM"]
[Date "2025.12.11"]
[Round "5.1"]
[White "Mamedov, Rauf"]
[Black "Tabatabaei, M. Amin"]
[Result "1-0"]
[WhiteTitle "GM"]
[BlackTitle "GM"]
[WhiteElo "2645"]
[BlackElo "2700"]
[WhiteFideId "13401653"]
[BlackFideId "12521213"]
[EventDate "2025.12.11"]

1. e4 e5 2. Nc3 Nf6 3. g3 Bc5 4. Bg2 a5 5. d3 d6 6. h3 a4 7. a3 O-O 8. Nge2 c6
9. O-O d5 10. exd5 cxd5 11. Bg5 Be6 12. d4 exd4 13. Nxd4 Nc6 14. Nde2 h6 15.
Bxf6 Qxf6 16. Nf4 Rfd8 17. Qe2 Nd4 18. Qd1 Nf5 19. Kh2 Ne7 20. Qe2 Bd4 21. Rae1
Bxc3 22. bxc3 Rd6 23. Qb5 Qxc3 24. Qxb7 Re8 25. Nxe6 fxe6 26. Qb5 Qc6 27. Qb4
Red8 28. Re2 Nf5 29. Rfe1 Kh8 30. h4 Rf8 31. Bh3 Rf6 32. Bg2 Qd7 33. c4 dxc4 34.
Qxc4 Rd4 35. Qc5 Rd3 36. Be4 Rd4 37. Rc2 Rf8 38. Qxf8+ 1-0

[Event "11th Gashimov Mem Blitz"]
[Site "Stepanakert ARM"]
[Date "2025.12.11"]
[Round "5.2"]
[White "Fedoseev, Vladimir3"]
[Black "Yakubboev, Nodirbek"]
[Result "1-0"]
[WhiteTitle "GM"]
[BlackTitle "GM"]
[WhiteElo "2705"]
[BlackElo "2691"]
[WhiteFideId "24130737"]
[BlackFideId "14203987"]
[EventDate "2025.12.11"]

1. d4 Nf6 2. c4 e6 3. Nf3 d5 4. Nc3 Nbd7 5. e3 b6 6. cxd5 exd5 7. Bb5 Bb7 8. Ne5
Bb4 9. Nc6 Bxc3+ 10. bxc3 Qc8 11. Ba3 a6 12. Ba4 b5 13. Ne7 Qb8 14. Bb3 g6 15.
e4 dxe4 16. d5 a5 17. Nc6 Qc8 18. Qd4 Ra6 19. O-O Bxc6 20. dxc6 Rxc6 21. Rfe1 b4
22. cxb4 Rd6 23. Rxe4+ Kf8 24. bxa5 Kg7 25. Bxd6 cxd6 26. Re7 Rf8 27. Qxd6 Qc3
28. Rd1 Nb8 29. a6 1-0

[Event "11th Gashimov Mem Blitz"]
[Site "Stepanakert ARM"]
[Date "2025.12.11"]
[Round "5.3"]
[White "Nepomniachtchi, Ian"]
[Black "Suleymanli, Aydin"]
[Result "0-1"]
[WhiteTitle "GM"]
[BlackTitle "GM"]
[WhiteElo "2723"]
[BlackElo "2628"]
[WhiteFideId "4168119"]
[BlackFideId "13413937"]
[EventDate "2025.12.11"]

1. e4 e5 2. Nf3 Nc6 3. Bb5 a6 4. Ba4 Nf6 5. O-O Be7 6. Re1 b5 7. Bb3 O-O 8. a4
Bb7 9. d3 d6 10. Bd2 b4 11. a5 Rb8 12. h3 d5 13. c3 dxe4 14. dxe4 bxc3 15. bxc3
Bc5 16. Qc2 Ne7 17. Bc4 Ng6 18. Bf1 Qe7 19. Bc1 Rfd8 20. Nbd2 h6 21. Nc4 Bc6 22.
Ba3 Bb5 23. Bxc5 Qxc5 24. Ne3 Nf4 25. Red1 Rxd1 26. Rxd1 Bxf1 27. Kxf1 Qxa5 28.
h4 Qb5+ 29. c4 Qb2 30. g3 Qxc2 31. Nxc2 Ng6 32. Re1 Rb2 33. Re2 a5 34. Nfe1 a4
35. Nd3 Rb1+ 36. Kg2 Nd7 37. Ncb4 Rb3 38. Rd2 Ngf8 39. Nd5 a3 40. Nxc7 Ne6 41.
Nxe6 fxe6 42. Nc1 Rb7 43. Ra2 Rb1 44. Ne2 Rb3 45. Rd2 Nc5 46. Rd8+ Kf7 47. Ra8
Nxe4 48. Nc1 Rc3 49. Ne2 Rc2 50. Kf3 Nd2+ 51. Ke3 Nf1+ 52. Kf3 e4+ 53. Kg2 Ne3+
54. fxe3 Rxe2+ 55. Kh3 a2 56. c5 Ke7 57. Ra7+ Kd8 58. c6 h5 59. Rd7+ Kc8 60. Ra7
Kb8 61. c7+ Kc8 62. g4 Rxe3+ 63. Kg2 Re2+ 64. Kg3 hxg4 65. Kxg4 Rf2 66. Kg3 e3
67. h5 e5 68. Ra3 Kxc7 69. Rxe3 a1=Q 0-1

[Event "11th Gashimov Mem Blitz"]
[Site "Stepanakert ARM"]
[Date "2025.12.11"]
[Round "6.1"]
[White "Tabatabaei, M. Amin"]
[Black "Suleymanli, Aydin"]
[Result "1-0"]
[WhiteTitle "GM"]
[BlackTitle "GM"]
[WhiteElo "2700"]
[BlackElo "2628"]
[WhiteFideId "12521213"]
[BlackFideId "13413937"]
[EventDate "2025.12.11"]

1. e4 c5 2. Nf3 d6 3. Bb5+ Bd7 4. Bxd7+ Nxd7 5. O-O e6 6. d3 Ngf6 7. c4 g6 8.
Nc3 Bg7 9. h3 a6 10. Be3 O-O 11. Qe2 Rc8 12. Rac1 Ne5 13. Nxe5 dxe5 14. a3 Qe7
15. Rb1 Rfd8 16. b4 cxb4 17. axb4 Nh5 18. g3 Nf4 19. gxf4 exf4 20. Bd2 Qd7 21.
Rfd1 Qxd3 22. Qxd3 Rxd3 23. Be1 Rxc3 24. Bxc3 Bxc3 25. c5 a5 26. bxa5 Rxc5 27.
Rxb7 Rxa5 28. Rdd7 f3 29. Rd1 Rg5+ 30. Kf1 Rh5 31. Rd8+ Kg7 32. Rdd7 Rxh3 33.
Rxf7+ Kg8 34. Kg1 Be5 35. Rfd7 Bh2+ 36. Kf1 Bd6 37. Ke1 Bf8 38. Kd2 Rh4 39. Ke3
Bh6+ 40. Kxf3 Bf8 41. Rb6 e5 42. Rf6 Bc5 43. Rff7 g5 44. Rc7 Bd6 45. Rb7 Bc5 46.
Rg7+ Kf8 47. Rgc7 Rf4+ 48. Kg2 Rxf2+ 49. Kg3 1-0

[Event "11th Gashimov Mem Blitz"]
[Site "Stepanakert ARM"]
[Date "2025.12.11"]
[Round "6.2"]
[White "Nepomniachtchi, Ian"]
[Black "Yakubboev, Nodirbek"]
[Result "1-0"]
[WhiteTitle "GM"]
[BlackTitle "GM"]
[WhiteElo "2723"]
[BlackElo "2691"]
[WhiteFideId "4168119"]
[BlackFideId "14203987"]
[EventDate "2025.12.11"]

1. e4 e5 2. Nf3 Nc6 3. Bc4 Nf6 4. d3 Be7 5. O-O O-O 6. Nbd2 d6 7. a4 a5 8. Re1
Be6 9. b3 h6 10. Nf1 Qd7 11. h3 Nd8 12. Ng3 Re8 13. Bb2 Bf8 14. Qd2 Bxc4 15.
dxc4 Ne6 16. Rad1 Nc5 17. Qe2 Qc6 18. Nh2 g6 19. Bc1 h5 20. f3 Ne6 21. Ngf1 Qd7
22. Ne3 c6 23. h4 Rad8 24. Nhf1 Qc7 25. Bb2 Be7 26. Qf2 Bf8 27. Rd2 Rd7 28. Red1
Red8 29. Ng3 Bg7 30. Ne2 Qb6 31. Rd3 Qc7 32. R3d2 Qb6 33. Nf1 Qxf2+ 34. Kxf2 d5
35. exd5 cxd5 36. cxd5 Nxd5 37. Nc3 Nb6 38. Rxd7 Rxd7 39. Rxd7 Nxd7 40. Nd5 f5
41. Nfe3 Kf7 42. Nc4 e4 43. Bxg7 Nxg7 44. Nxa5 Ke6 45. Nf4+ Ke5 46. Nxg6+ Kd4
47. Nxb7 Ne6 48. Nd6 e3+ 49. Ke2 f4 50. Nb5+ Kc5 51. g3 fxg3 52. Kxe3 Nf6 53.
Nc3 Kb4 54. Ne2 Nd5+ 55. Ke4 Nc3+ 56. Nxc3 Kxc3 57. Ke3 Nd4 58. f4 Kxc2 59. a5
Kd1 60. Ne5 Nxb3 61. a6 Nd2 62. a7 g2 1-0

[Event "11th Gashimov Mem Blitz"]
[Site "Stepanakert ARM"]
[Date "2025.12.11"]
[Round "6.3"]
[White "Fedoseev, Vladimir3"]
[Black "Mamedov, Rauf"]
[Result "1/2-1/2"]
[WhiteTitle "GM"]
[BlackTitle "GM"]
[WhiteElo "2705"]
[BlackElo "2645"]
[WhiteFideId "24130737"]
[BlackFideId "13401653"]
[EventDate "2025.12.11"]

1. d4 d5 2. c4 e6 3. Nc3 c5 4. cxd5 exd5 5. Nf3 Nc6 6. dxc5 d4 7. Na4 Bxc5 8.
Nxc5 Qa5+ 9. Qd2 Qxc5 10. e3 dxe3 11. Qxe3+ Qxe3+ 12. Bxe3 Nge7 13. Bc4 O-O 14.
O-O Bg4 15. Nh4 Rfd8 16. h3 Be6 17. Bxe6 fxe6 18. Rfd1 1/2-1/2

[Event "11th Gashimov Mem Blitz"]
[Site "Stepanakert ARM"]
[Date "2025.12.11"]
[Round "7.1"]
[White "Fedoseev, Vladimir3"]
[Black "Tabatabaei, M. Amin"]
[Result "1-0"]
[WhiteTitle "GM"]
[BlackTitle "GM"]
[WhiteElo "2705"]
[BlackElo "2700"]
[WhiteFideId "24130737"]
[BlackFideId "12521213"]
[EventDate "2025.12.11"]

1. d4 d5 2. c4 e6 3. Nc3 Nf6 4. Nf3 Nbd7 5. Bf4 dxc4 6. e3 Bd6 7. Ne5 Nd5 8.
Bxc4 Nxc3 9. bxc3 O-O 10. Nd3 Bxf4 11. Nxf4 e5 12. Nd3 Qe7 13. O-O b6 14. Bd5
Rb8 15. Qa4 a5 16. Rfd1 e4 17. Nf4 Nf6 18. c4 Bg4 19. Re1 Rfd8 20. Bc6 Qd6 21.
Rac1 g5 22. Nd5 Nxd5 23. Bxd5 Bf5 24. Qb5 Kg7 25. Bc6 Bg6 26. Rb1 h5 27. Rec1 h4
28. h3 Qe6 29. Bd5 Qe7 30. Bc6 Qe6 31. Qa4 g4 32. Bd5 Qf5 33. hxg4 Qxg4 34. Qd1
Qg5 35. Rb5 h3 36. Bxe4 c5 37. Qf3 hxg2 38. Bxg6 Qxg6 39. dxc5 bxc5 40. Rxc5 Rb1
41. Rxb1 Qxb1+ 42. Kxg2 Rd1 43. Qg3+ Kh6 44. Qh4+ Kg7 45. Qg4+ Kf8 46. Rc8+ Ke7
47. Qg5+ Kd6 48. Qf6+ Kd7 49. Qd8+ Ke6 50. Rc6+ Kf5 51. Qf6+ Ke4 52. Qf4+ Kd3
53. Qf5+ Ke2 54. Qg4+ Ke1 55. Rh6 Qb7+ 56. e4 Rd8 57. Rh1+ 1-0

[Event "11th Gashimov Mem Blitz"]
[Site "Stepanakert ARM"]
[Date "2025.12.11"]
[Round "7.2"]
[White "Mamedov, Rauf"]
[Black "Nepomniachtchi, Ian"]
[Result "1/2-1/2"]
[WhiteTitle "GM"]
[BlackTitle "GM"]
[WhiteElo "2645"]
[BlackElo "2723"]
[WhiteFideId "13401653"]
[BlackFideId "4168119"]
[EventDate "2025.12.11"]

1. e4 e5 2. Nf3 Nf6 3. Nxe5 d6 4. Nf3 Nxe4 5. d4 d5 6. Bd3 Bd6 7. O-O O-O 8. c4
c6 9. Re1 Bg4 10. Bxe4 dxe4 11. Rxe4 f5 12. Re1 Bxf3 13. Qxf3 Qh4 14. g3 Qxd4
15. Qb3 Qb6 16. Nc3 Qxb3 17. axb3 Na6 18. Be3 f4 19. Bd4 Bc5 20. Rad1 fxg3 21.
hxg3 Rae8 22. Rxe8 Rxe8 23. Bxc5 Nxc5 24. b4 Ne4 25. Rd7 Nxc3 26. bxc3 Re4 27.
c5 b6 28. Rxa7 1/2-1/2